[Event "II Aberto Prof Joao Braga"]
[Site "Clube de Xadrez Sao Paulo"]
[Date "2014.12.12"]
[Round "1.1"]
[White "Matsuura, Everaldo"]
[Black "Nunes, Guilherme Hurba"]
[Result "1-0"]
[WhiteElo "2506"]
[BlackElo "1817"]
[PlyCount "39"]
[EventDate "2014.12.12"]

1. e4 e6 2. d4 d5 3. Nc3 Nf6 4. e5 Nfd7 5. f4 c5 6. Nf3 Nc6 7. Be3 a6 8. Qd2
cxd4 9. Nxd4 Bb4 10. a3 Bc5 11. O-O-O Bxd4 12. Bxd4 Nxd4 13. Qxd4 b6 14. h4 Qc7
15. h5 Bb7 16. Rh3 Qc5 17. Qd2 b5 18. Ne4 Qb6 19. Nd6+ Ke7 20. Qb4 1-0

[Event "II Aberto Prof Joao Braga"]
[Site "Clube de Xadrez Sao Paulo"]
[Date "2014.12.12"]
[Round "1.2"]
[White "Chagas, Humberto Luiz Cunha"]
[Black "Quintiliano Pinto, Renato R"]
[Result "0-1"]
[WhiteElo "1815"]
[BlackElo "2390"]
[PlyCount "92"]
[EventDate "2014.12.12"]

1. d4 d5 2. c4 e6 3. Nc3 c6 4. cxd5 exd5 5. Nf3 Bd6 6. Bg5 Ne7 7. e4 dxe4 8.
Nxe4 Bb4+ 9. Bd2 Bxd2+ 10. Qxd2 Bf5 11. Bd3 O-O 12. O-O Nd7 13. Nd6 Bxd3 14.
Qxd3 Qc7 15. Nf5 Nd5 16. Rfe1 Rfe8 17. Qa3 N7b6 18. Ne5 f6 19. Nd6 fxe5 20.
Nxe8 Rxe8 21. Re4 Nd7 22. dxe5 Rxe5 23. Rae1 Rxe4 24. Rxe4 N7f6 25. Re1 a6 26.
Qd3 Qa5 27. Qe2 g6 28. Qe6+ Kg7 29. a3 Qb6 30. g4 Qxb2 31. g5 Ng8 32. Qd7+ Kh8
33. h4 Qxa3 34. Qf7 Qc3 35. Re8 Qa1+ 36. Kh2 Qg7 37. Qe6 Nde7 38. Rb8 Nd5 39.
Re8 Nde7 40. Rb8 Nf5 41. h5 Qc7+ 42. Kh3 Qxb8 43. hxg6 Ng7 44. Qe4 Qc8+ 45. Kh2
Qe6 46. Qh4 Qxg6 0-1

[Event "II Aberto Prof Joao Braga"]
[Site "Clube de Xadrez Sao Paulo"]
[Date "2014.12.12"]
[Round "1.3"]
[White "Mendonca, Mateus Nakajo"]
[Black "Van Riemsdijk, Marius"]
[Result "1-0"]
[WhiteElo "2390"]
[BlackElo "1798"]
[PlyCount "60"]
[EventDate "2014.12.12"]

1. Nf3 d5 2. c4 e6 3. d4 Nf6 4. Nc3 c5 5. cxd5 exd5 6. g3 Nc6 7. Bg2 Be7 8. O-O
O-O 9. dxc5 Bxc5 10. Bg5 Be6 11. Rc1 Be7 12. Nd4 Rc8 13. Nxe6 fxe6 14. Bh3 Qd6
15. Nb5 Qe5 16. Bf4 Qxb2 17. Bxe6+ Kh8 18. Bxc8 Qxb5 19. Bh3 Qa6 20. Rc2 Nb4
21. Rb2 Qc4 22. Qb1 Ne4 23. Rc1 Nc3 24. Rxc3 Qxc3 25. Bd2 Qd4 26. e3 Qf6 27.
Bxb4 Bxb4 28. Rxb4 Qxf2+ 29. Kh1 Qxe3 30. Rxb7 Rc8 1-0

[Event "II Aberto Prof Joao Braga"]
[Site "Clube de Xadrez Sao Paulo"]
[Date "2014.12.12"]
[Round "1.4"]
[White "Nikolic, Jovane"]
[Black "Sztokbant, Bernardo Vainzoff"]
[Result "0-1"]
[WhiteElo "1773"]
[BlackElo "2297"]
[PlyCount "94"]
[EventDate "2014.12.12"]

1. e4 e5 2. Nf3 Nc6 3. Bc4 Bc5 4. Nc3 Nf6 5. d3 O-O 6. Bg5 h6 7. Bh4 g5 8. Bg3
d6 9. Qd2 Nh7 10. Nd5 Nd4 11. Nxd4 Bxd4 12. c3 Bb6 13. h4 c6 14. Nxb6 axb6 15.
hxg5 hxg5 16. d4 Qf6 17. O-O-O Be6 18. d5 cxd5 19. exd5 Bf5 20. Rh5 Bg6 21. Rh6
Qf5 22. Bd3 Qxd3 23. Qxd3 Bxd3 24. Rxd3 f6 25. Kb1 Kg7 26. Rh1 f5 27. f3 Nf6
28. c4 Rh8 29. Rc1 Nh5 30. Bh2 Nf4 31. Bxf4 gxf4 32. Rb3 Ra6 33. Rg1 Kf6 34. g4
Rg8 35. a3 fxg4 36. fxg4 e4 37. Kc1 Ke5 38. Kd2 Kd4 39. Rc3 e3+ 40. Ke2 Ke4 41.
Rcc1 f3+ 42. Kf1 Rg5 43. Rc2 Ra8 44. Rh2 Rf8 45. Rh6 f2 46. Re6+ Kd3 47. Rg2
Rh8 0-1

[Event "II Aberto Prof Joao Braga"]
[Site "Clube de Xadrez Sao Paulo"]
[Date "2014.12.12"]
[Round "1.5"]
[White "Tsuboi, Edson Kenji"]
[Black "De Oliveira, Francemir Barra"]
[Result "1-0"]
[WhiteElo "2252"]
[BlackElo "1751"]
[PlyCount "41"]
[EventDate "2014.12.12"]

1. e4 e5 2. Nf3 Nc6 3. Bb5 Nd4 4. Nxd4 exd4 5. O-O c6 6. Bc4 b5 7. Bb3 Ne7 8.
c3 c5 9. cxd4 cxd4 10. Qf3 d5 11. exd5 Bb7 12. Re1 Qd7 13. d3 O-O-O 14. Bf4
Bxd5 15. Bxd5 Qxd5 16. Nd2 Kb7 17. Rac1 Nc6 18. a3 Bc5 19. Rc2 Bb6 20. Rec1 Rc8
21. Qxd5 1-0

[Event "II Aberto Prof Joao Braga"]
[Site "Clube de Xadrez Sao Paulo"]
[Date "2014.12.12"]
[Round "1.6"]
[White "Caporale, Giuseppe Guido"]
[Black "Brito, Luismar"]
[Result "0-1"]
[WhiteElo "1718"]
[BlackElo "2251"]
[PlyCount "56"]
[EventDate "2014.12.12"]

1. e4 c5 2. b4 e5 3. bxc5 Bxc5 4. Nf3 Nc6 5. Be2 Nf6 6. d3 h6 7. O-O O-O 8. c3
d5 9. exd5 Nxd5 10. Qc2 Bf5 11. Ba3 Qe7 12. Bb2 Rac8 13. Nbd2 Nf4 14. Ne4 Bxe4
15. dxe4 Nb4 16. Qd1 Rfd8 17. Nd2 Qg5 18. Bf3 Rxd2 19. Qb3 Bxf2+ 20. Kh1 Nbd3
21. Qxb7 Rd8 22. Ba3 Bc5 23. Bxc5 Nxc5 24. Qxa7 Ncd3 25. Qg1 Rb8 26. Rad1 Rxa2
27. Qe3 Rxg2 28. Rxd3 Rbb2 0-1

[Event "II Aberto Prof Joao Braga"]
[Site "Clube de Xadrez Sao Paulo"]
[Date "2014.12.12"]
[Round "1.7"]
[White "Rodrigues, Leonardo De Miranda"]
[Black "Nunes, Adilson"]
[Result "1-0"]
[WhiteElo "2173"]
[BlackElo "1713"]
[PlyCount "55"]
[EventDate "2014.12.12"]

1. e4 c5 2. Nf3 d6 3. d4 cxd4 4. Nxd4 Nf6 5. Nc3 a6 6. Bg5 e5 7. Nf5 Bxf5 8.
exf5 Be7 9. Bc4 O-O 10. Bxf6 Bxf6 11. Ne4 Qa5+ 12. c3 Rd8 13. b4 Qc7 14. Qd5
Nc6 15. Rd1 b5 16. Bb3 Rd7 17. g4 Rf8 18. g5 Bd8 19. f6 g6 20. h4 Qb6 21. h5
Kh8 22. Rd3 Bc7 23. Rdh3 a5 24. hxg6 fxg6 25. Qe6 Rfd8 26. Rxh7+ Rxh7 27. Rxh7+
Kxh7 28. Qh3# 1-0

[Event "II Aberto Prof Joao Braga"]
[Site "Clube de Xadrez Sao Paulo"]
[Date "2014.12.12"]
[Round "1.8"]
[White "Yoshioka, Andre"]
[Black "Souza Neves, Andrey M"]
[Result "1-0"]
[WhiteElo "1685"]
[BlackElo "2147"]
[PlyCount "127"]
[EventDate "2014.12.12"]

1. d4 Nf6 2. c4 e6 3. Nc3 d5 4. cxd5 exd5 5. Bg5 Be7 6. e3 c6 7. Bd3 O-O 8. Qc2
Nbd7 9. Nge2 Re8 10. O-O Nf8 11. f3 g6 12. e4 Ne6 13. Bxf6 Bxf6 14. e5 Be7 15.
Kh1 Ng7 16. Ng3 f5 17. Rab1 Be6 18. Na4 Rc8 19. b4 b6 20. Ne2 g5 21. f4 g4 22.
Rfc1 Rf8 23. Qd2 Qe8 24. Qe3 Qg6 25. Ba6 Rc7 26. Bd3 h5 27. b5 Rfc8 28. bxc6
Rxc6 29. Rxc6 Rxc6 30. Rc1 Rxc1+ 31. Qxc1 Qe8 32. Nac3 h4 33. Qc2 g3 34. Bb5
Qc8 35. hxg3 hxg3 36. Nxg3 Bh4 37. Nge2 Be1 38. Qc1 Bf2 39. Qa3 Kf7 40. Nd1
Qh8+ 41. Qh3 Qxh3+ 42. gxh3 Be1 43. Kg2 Ke7 44. Ne3 Bd2 45. Kf2 Bxe3+ 46. Kxe3
Nh5 47. Kf3 Bd7 48. Nc3 Bxb5 49. Nxb5 a5 50. a4 Kd7 51. Nd6 Ng7 52. h4 Kc6 53.
Ke3 Kd7 54. Kf3 Kc6 55. h5 Nxh5 56. Nxf5 b5 57. axb5+ Kxb5 58. Kg4 Ng7 59. Nxg7
a4 60. Nf5 a3 61. Ne3 a2 62. Nc2 Kc4 63. e6 Kc3 64. Na1 1-0

[Event "II Aberto Prof Joao Braga"]
[Site "Clube de Xadrez Sao Paulo"]
[Date "2014.12.12"]
[Round "1.9"]
[White "Ueti, Silvio Shigueo"]
[Black "Da Silva, Camila Evaristo"]
[Result "1-0"]
[WhiteElo "2147"]
[BlackElo "1657"]
[PlyCount "85"]
[EventDate "2014.12.12"]

1. c4 e6 2. g3 Nf6 3. Bg2 Be7 4. Nf3 O-O 5. O-O d5 6. b3 c5 7. Bb2 Nc6 8. e3 d4
9. exd4 cxd4 10. d3 e5 11. Re1 Nd7 12. Ba3 f6 13. Nh4 Bxa3 14. Nxa3 Nc5 15.
Bd5+ Be6 16. Bxe6+ Nxe6 17. Qg4 Nc5 18. Red1 a6 19. Nc2 Qd7 20. Qxd7 Nxd7 21.
b4 g6 22. a4 Na7 23. Nf3 b5 24. axb5 axb5 25. Ra6 Nb8 26. Ra3 Nbc6 27. Rda1
bxc4 28. dxc4 Rad8 29. b5 Nxb5 30. cxb5 Nb8 31. Nd2 f5 32. Kf1 d3 33. Nb4 e4
34. Nc6 Nxc6 35. bxc6 Rd6 36. Rc1 Rc8 37. Rac3 Kf7 38. Nc4 Re6 39. Ke1 Ke7 40.
Nb6 Rd8 41. Kd2 Re8 42. Rb1 Kd6 43. c7 1-0

[Event "II Aberto Prof Joao Braga"]
[Site "Clube de Xadrez Sao Paulo"]
[Date "2014.12.12"]
[Round "1.10"]
[White "Costa, Edvaldo Da Cruz"]
[Black "Abdalla, Jose Lucas Aurelli"]
[Result "0-1"]
[WhiteElo "1652"]
[BlackElo "2128"]
[PlyCount "52"]
[EventDate "2014.12.12"]

1. d4 Nf6 2. c4 c5 3. d5 b5 4. Bg5 Ne4 5. Nf3 Nxg5 6. Nxg5 bxc4 7. e4 Ba6 8.
Nc3 g6 9. d6 e6 10. Nf3 Qb6 11. e5 Qxb2 12. Qc1 Qxc1+ 13. Rxc1 Bh6 14. Rb1 O-O
15. Be2 Nc6 16. Ne4 Rfb8 17. O-O Nd4 18. Nf6+ Kg7 19. Nxd4 cxd4 20. Nxd7 Rxb1
21. Rxb1 d3 22. Bf3 Rc8 23. Nb8 c3 24. Nxa6 c2 25. Rf1 c1=Q 26. d7 Qxf1+ 0-1

[Event "II Aberto Prof Joao Braga"]
[Site "Clube de Xadrez Sao Paulo"]
[Date "2014.12.12"]
[Round "1.11"]
[White "Oliveira, Jonathan De"]
[Black "Federzoni, Enzo"]
[Result "1/2-1/2"]
[WhiteElo "2105"]
[BlackElo "1614"]
[PlyCount "78"]
[EventDate "2014.12.12"]

1. c4 Nf6 2. Nc3 g6 3. g3 Bg7 4. Bg2 O-O 5. d4 d6 6. Nf3 Nbd7 7. O-O e5 8. e3
Re8 9. b3 c6 10. Bb2 Qe7 11. Nd2 exd4 12. exd4 Nb6 13. a4 Bf5 14. a5 Nbd7 15.
a6 bxa6 16. Bxc6 Rac8 17. Bb7 Rc7 18. Bxa6 Bd3 19. Re1 Qxe1+ 20. Qxe1 Rxe1+ 21.
Rxe1 d5 22. Re3 dxc4 23. bxc4 Bf5 24. c5 Bh6 25. f4 g5 26. Nb5 gxf4 27. gxf4
Rc6 28. Bb7 Re6 29. Rxe6 fxe6 30. c6 Nb6 31. c7 Bxf4 32. Nc4 Bxc7 33. Nxc7 Nxc4
34. Bc1 Nd6 35. Ba6 Kf7 36. Ba3 Nfe4 37. Bc5 Nxc5 38. dxc5 Ne4 39. c6 Nc5
1/2-1/2

[Event "II Aberto Prof Joao Braga"]
[Site "Clube de Xadrez Sao Paulo"]
[Date "2014.12.12"]
[Round "1.12"]
[White "Farias, Sergio Luiz Cardoso"]
[Black "Brandao, Renan Alves"]
[Result "0-1"]
[WhiteElo "1574"]
[BlackElo "2067"]
[PlyCount "72"]
[EventDate "2014.12.12"]

1. e4 c5 2. Nf3 e6 3. d4 cxd4 4. Nxd4 Nc6 5. Nc3 a6 6. Nf3 Qc7 7. Bd3 Nf6 8.
O-O b5 9. a3 Be7 10. Re1 d6 11. Bf4 e5 12. Bg5 Be6 13. h3 O-O 14. Ne2 h6 15.
Bh4 Rfd8 16. Qc1 Qb7 17. Nh2 Rac8 18. f4 Nxe4 19. Bxe4 Bxh4 20. g3 Qb6+ 21. Kg2
f5 22. Nf3 Bf6 23. Bxc6 Qxc6 24. c3 Bd5 25. Qe3 Re8 26. fxe5 dxe5 27. Qf2 Bd8
28. c4 Bxc4 29. Kh2 Bb6 30. Qf1 f4 31. Nd2 fxg3+ 32. Kxg3 Rf8 33. Qg2 Qg6+ 34.
Kh2 Rf2 35. Ng3 Rxg2+ 36. Kxg2 Bd5+ 0-1

[Event "II Aberto Prof Joao Braga"]
[Site "Clube de Xadrez Sao Paulo"]
[Date "2014.12.12"]
[Round "1.13"]
[White "Valente, Rodrigo De Deus"]
[Black "Santos, Marcos Correia"]
[Result "1-0"]
[WhiteElo "2043"]
[BlackElo "1557"]
[PlyCount "55"]
[EventDate "2014.12.12"]

1. e4 c5 2. Nf3 d6 3. d4 cxd4 4. Nxd4 Nf6 5. Nc3 a6 6. Bc4 e6 7. O-O Be7 8. a4
Nc6 9. Be3 Bd7 10. f4 O-O 11. Kh1 Rc8 12. Qe2 Qc7 13. Ba2 Nb4 14. Bb3 h5 15.
Bg1 Rfe8 16. Rae1 e5 17. fxe5 dxe5 18. Nf5 Bf8 19. Nh6+ gxh6 20. Rxf6 Be6 21.
Qxh5 Bxb3 22. cxb3 Nd3 23. Nd5 Qd7 24. Ref1 Rc1 25. Rxc1 Nxc1 26. Rxh6 Bg7 27.
Qg5 Kf8 28. Bc5+ 1-0

[Event "II Aberto Prof Joao Braga"]
[Site "Clube de Xadrez Sao Paulo"]
[Date "2014.12.12"]
[Round "1.14"]
[White "Brujin, Homero"]
[Black "Noseda, Francesco"]
[Result "0-1"]
[WhiteElo "1505"]
[BlackElo "1968"]
[PlyCount "92"]
[EventDate "2014.12.12"]

1. d4 Nf6 2. c4 e6 3. Nc3 Bb4 4. Qc2 O-O 5. Nf3 d5 6. a3 Bxc3+ 7. Qxc3 Ne4 8.
Qd3 b6 9. b4 c5 10. dxc5 bxc5 11. b5 Bb7 12. g3 Qa5+ 13. Bd2 Nxd2 14. Qxd2
Qxd2+ 15. Nxd2 dxc4 16. Rg1 c3 17. Nc4 Bd5 18. e3 Nd7 19. Rc1 Nb6 20. Nxb6 axb6
21. Rxc3 Ra4 22. Bg2 Rfa8 23. Bxd5 exd5 24. Ke2 Rxa3 25. Kd3 Rxc3+ 26. Kxc3
Ra3+ 27. Kb2 Ra5 28. Re1 Rxb5+ 29. Kc3 f5 30. Rd1 c4 31. Kd4 Kf7 32. Ke5 g6 33.
f4 c3 34. Rc1 Rc5 35. Rc2 Ke7 36. h3 b5 37. Kd4 Kd6 38. Rxc3 Rxc3 39. Kxc3 Kc5
40. g4 h5 41. gxh5 gxh5 42. h4 b4+ 43. Kb3 Kb5 44. Kc2 Kc4 45. Kb2 b3 46. Kb1
Kd3 0-1

[Event "II Aberto Prof Joao Braga"]
[Site "Clube de Xadrez Sao Paulo"]
[Date "2014.12.12"]
[Round "1.15"]
[White "Nunes, Allan Hurba"]
[Black "Alves, Sidney David"]
[Result "1-0"]
[WhiteElo "1968"]
[BlackElo "1501"]
[PlyCount "57"]
[EventDate "2014.12.12"]

1. d4 Nf6 2. c4 g6 3. Nc3 d5 4. Nf3 Bg7 5. Bg5 Ne4 6. cxd5 Nxg5 7. Nxg5 O-O 8.
h4 h6 9. Nf3 Bg4 10. e3 c5 11. dxc5 Qa5 12. Rc1 Qxc5 13. Qd2 Bxf3 14. gxf3 Qb6
15. f4 Nd7 16. h5 Rad8 17. hxg6 Qxg6 18. Rh3 Nf6 19. Rg3 Qh5 20. e4 e6 21. d6
Kh8 22. e5 Nd7 23. Ne4 Qh1 24. Qd3 Rc8 25. Rc7 b6 26. Rh3 Qg1 27. Ng5 f5 28.
exf6 Nxf6 29. Rxh6+ 1-0

[Event "II Aberto Prof Joao Braga"]
[Site "Clube de Xadrez Sao Paulo"]
[Date "2014.12.12"]
[Round "1.16"]
[White "Yoshioka, Hugo"]
[Black "Dornelles, Marcio Neron Camarg"]
[Result "0-1"]
[WhiteElo "1500"]
[BlackElo "1966"]
[PlyCount "134"]
[EventDate "2014.12.12"]

1. d4 Nf6 2. c4 g6 3. Nf3 Bg7 4. Nc3 O-O 5. Bg5 c5 6. e3 Qa5 7. Bh4 d6 8. Be2
cxd4 9. Nxd4 Nc6 10. O-O Re8 11. Rc1 Bd7 12. a3 Rac8 13. Qd2 a6 14. Rfd1 Nxd4
15. Qxd4 Be6 16. Na2 b5 17. Nb4 Nd7 18. Qd2 bxc4 19. Bg3 Qb6 20. Rc2 c3 21.
bxc3 Bb3 22. Rdc1 Bxc2 23. Rxc2 a5 24. Nd5 Qb3 25. h3 e6 26. Nf4 Bxc3 27. Qd3
a4 28. Bd1 Ne5 29. Qe2 Qb1 30. Kh2 Ba1 31. Rd2 Nc4 32. Bc2 Qb6 33. Rd1 Be5 34.
Bxa4 Re7 35. Rc1 Rec7 36. Rd1 Nxa3 37. Rf1 Qb4 38. Bd1 Qc4 39. Qxc4 Nxc4 40.
Bf3 Nd2 41. Rd1 Nxf3+ 42. gxf3 Rc2 43. Kg2 Ra2 44. Rf1 Kf8 45. Rd1 Ke7 46. h4
Bxf4 47. Bxf4 e5 48. Bg3 Rcc2 49. h5 g5 50. h6 f5 51. Rb1 f4 52. Rb7+ Kf6 53.
exf4 exf4 54. Rxh7 fxg3 55. Kxg3 Kg6 56. Rh8 Ra7 57. Rd8 Rd2 58. Re8 Kxh6 59.
Re6+ Kg7 60. Re4 Kf6 61. f4 gxf4+ 62. Kxf4 Rxf2+ 63. Ke3 Rh2 64. Rf4+ Ke6 65.
Re4+ Kd7 66. Kd3 Ra3+ 67. Kd4 Ra4+ 0-1

[Event "II Aberto Prof Joao Braga"]
[Site "Clube de Xadrez Sao Paulo"]
[Date "2014.12.12"]
[Round "1.17"]
[White "Bastos Seixas, Pedro Lucas"]
[Black "Sangiovanni, Marcello Gouveia"]
[Result "1-0"]
[WhiteElo "1965"]
[BlackElo "1494"]
[PlyCount "89"]
[EventDate "2014.12.12"]

1. e4 e5 2. Nf3 Nf6 3. Nxe5 d6 4. Nf3 Nxe4 5. Nc3 Nf6 6. d4 Be6 7. Be3 d5 8.
Bd3 Nc6 9. a3 h6 10. h3 Bd6 11. Qd2 Qd7 12. O-O-O a6 13. g4 b5 14. g5 hxg5 15.
Nxg5 Bxh3 16. Bf4 O-O-O 17. Bxd6 cxd6 18. Qf4 Be6 19. Rhe1 Rhf8 20. Re3 Nh5 21.
Qh4 Rh8 22. Rde1 Nf6 23. Qf4 Nh5 24. Qh4 Nf6 25. Qg3 Nxd4 26. Qf4 Qa7 27. a4 b4
28. Ne2 Nxe2+ 29. R3xe2 b3 30. Nxe6 fxe6 31. Rxe6 Qc5 32. R6e3 bxc2 33. Bxc2 d4
34. Rd3 Qb4 35. Red1 Rhf8 36. Rxd4 Qb6 37. Bf5+ Rd7 38. Qxd6 Qd8 39. Qxa6+ Kb8
40. Rb4+ Qb6 41. Rxb6+ Kc7 42. Rb7+ Kd8 43. Rdxd7+ Nxd7 44. Rxd7+ Ke8 45. Qe6#
1-0

[Event "II Aberto Prof Joao Braga"]
[Site "Clube de Xadrez Sao Paulo"]
[Date "2014.12.12"]
[Round "1.18"]
[White "Schultz, Rauanda"]
[Black "Desideri, Ricardo Maruchi"]
[Result "0-1"]
[WhiteElo "1492"]
[BlackElo "1954"]
[PlyCount "88"]
[EventDate "2014.12.12"]

1. d4 Nf6 2. c4 c5 3. d5 e6 4. Nc3 exd5 5. cxd5 d6 6. e4 g6 7. Nf3 Bg7 8. Bd3
O-O 9. O-O a6 10. a4 b6 11. Bf4 Nh5 12. Bg5 Qc7 13. Qd2 Re8 14. Rac1 Nd7 15. h3
Rb8 16. g4 Nhf6 17. Qe2 Bb7 18. Qd2 h5 19. Qf4 Bc8 20. Be2 c4 21. Nd2 b5 22.
axb5 axb5 23. gxh5 Nxh5 24. Bxh5 gxh5 25. Qh4 Ne5 26. Qxh5 Nd3 27. Rc2 Qd7 28.
Kh2 f6 29. Bh6 Re5 30. Qh4 Qxh3+ 31. Qxh3 Bxh3 32. Rg1 Bg4 33. Be3 Rh5+ 34. Kg3
f5 35. f3 Be5+ 36. f4 Rh3+ 37. Kg2 Bxc3 38. bxc3 Rxe3 39. exf5 Ne1+ 40. Kf2
Re2+ 41. Kf1 Rbe8 42. Rxg4+ Kf7 43. Rb2 Nd3 44. Ra2 Rf2+ 0-1

[Event "II Aberto Prof Joao Braga"]
[Site "Clube de Xadrez Sao Paulo"]
[Date "2014.12.12"]
[Round "1.19"]
[White "Ribeiro, Marcos Willian De So"]
[Black "Camargo, Luca Oshiro"]
[Result "1-0"]
[WhiteElo "1945"]
[BlackElo "1488"]
[PlyCount "45"]
[EventDate "2014.12.12"]

1. e4 c5 2. Nc3 e6 3. f4 d5 4. Bb5+ Nc6 5. exd5 exd5 6. Qe2+ Be7 7. Qe5 Nf6 8.
Nf3 O-O 9. Bxc6 bxc6 10. Qe2 Re8 11. O-O Bd6 12. Ne5 Bf5 13. d3 Nd7 14. Nxc6
Qc7 15. Ne5 f6 16. Nxd5 Qb7 17. Qf3 Qc8 18. Nc4 Bc7 19. Bd2 Nb6 20. Ncxb6 Bxb6
21. Rae1 Rxe1 22. Rxe1 Bd7 23. Nxb6 1-0

[Event "II Aberto Prof Joao Braga"]
[Site "Clube de Xadrez Sao Paulo"]
[Date "2014.12.12"]
[Round "1.20"]
[White "Felippe E Silva, Glenda"]
[Black "Andreeva, Elena"]
[Result "0-1"]
[WhiteElo "1325"]
[BlackElo "1935"]
[PlyCount "47"]
[EventDate "2014.12.12"]

1. d4 Nf6 2. Nf3 g6 3. Bg5 Bg7 4. e3 O-O 5. Bd3 d6 6. O-O Nbd7 7. Nbd2 c5 8. c3
b6 9. Qe2 Bb7 10. Rfe1 h6 11. Bxf6 Nxf6 12. e4 e6 13. e5 Nd5 14. Bc4 Nf4 15.
Qe3 g5 16. g3 Nh3+ 17. Kg2 g4 18. Bd3 Ng5 19. h4 Nxf3 20. Nxf3 Bxf3+ 21. Kg1
dxe5 22. dxe5 Qd5 23. Bc2 Bh1 24. Kf1 0-1

[Event "II Aberto Prof Joao Braga"]
[Site "Clube de Xadrez Sao Paulo"]
[Date "2014.12.12"]
[Round "1.21"]
[White "Mendes, Rodrigo Machado"]
[Black "Lukjanenko Callegari, Lucca"]
[Result "1-0"]
[WhiteElo "1896"]
[BlackElo "1248"]
[PlyCount "23"]
[EventDate "2014.12.12"]

1. e4 c6 2. c4 Nf6 3. e5 Ne4 4. Qc2 d5 5. d3 Qa5+ 6. Kd1 Nc5 7. Bd2 Qb6 8. Be3
Bf5 9. cxd5 cxd5 10. Qxc5 Qxb2 11. Bd4 e6 12. Qc8+ 1-0

[Event "II Aberto Prof Joao Braga"]
[Site "Clube de Xadrez Sao Paulo"]
[Date "2014.12.12"]
[Round "2.1"]
[White "Dornelles, Marcio Neron Camarg"]
[Black "Matsuura, Everaldo"]
[Result "0-1"]
[WhiteElo "1966"]
[BlackElo "2506"]
[PlyCount "50"]
[EventDate "2014.12.12"]

1. d4 d5 2. c4 e6 3. Nc3 c6 4. e3 Nf6 5. Nf3 Nbd7 6. Qc2 Bd6 7. Be2 dxc4 8.
Bxc4 O-O 9. O-O b5 10. Be2 Bb7 11. e4 e5 12. Bg5 exd4 13. Nxd4 Qc7 14. h3 Rfe8
15. a3 a6 16. Rfd1 c5 17. Nf5 Bh2+ 18. Kh1 Nxe4 19. Nxe4 Bxe4 20. Bd3 Bb7 21.
Nh6+ gxh6 22. Bxh7+ Kg7 23. Qf5 Qc6 24. f3 Nf8 25. Kxh2 hxg5 0-1

[Event "II Aberto Prof Joao Braga"]
[Site "Clube de Xadrez Sao Paulo"]
[Date "2014.12.12"]
[Round "2.2"]
[White "Quintiliano Pinto, Renato R"]
[Black "Bastos Seixas, Pedro Lucas"]
[Result "1-0"]
[WhiteElo "2390"]
[BlackElo "1965"]
[PlyCount "101"]
[EventDate "2014.12.12"]

1. d4 f5 2. g3 Nf6 3. Bg2 e6 4. c4 d5 5. Nf3 c6 6. O-O Bd6 7. b3 Qe7 8. Bb2 O-O
9. Nbd2 Ne4 10. e3 Nd7 11. Ne5 Ndf6 12. Nd3 Nxd2 13. Qxd2 b6 14. Rac1 Bb7 15.
c5 Bc7 16. a4 Rac8 17. b4 Ne4 18. Qe2 bxc5 19. dxc5 Qd7 20. f3 Nf6 21. Ne5 Qe7
22. Qd3 Rfd8 23. Qb3 Nd7 24. Nxd7 Rxd7 25. b5 Rb8 26. Rfe1 Ba6 27. Bf1 cxb5 28.
c6 Rdd8 29. Qc2 Rdc8 30. Bd4 Ba5 31. Red1 Bb6 32. Rb1 Bxd4 33. exd4 Rc7 34.
axb5 Bc8 35. f4 Rb6 36. Qd2 Kf7 37. Rdc1 h6 38. Rb3 Qd6 39. Qa2 Re7 40. Ra3 Qc7
41. Qc2 g5 42. fxg5 hxg5 43. Qc5 Kf6 44. Ra5 Rh7 45. Rca1 Qb8 46. Qa3 a6 47.
bxa6 Rxc6 48. a7 Qa8 49. Qf8+ Rf7 50. Qh6+ Ke7 51. Rb1 1-0

[Event "II Aberto Prof Joao Braga"]
[Site "Clube de Xadrez Sao Paulo"]
[Date "2014.12.12"]
[Round "2.3"]
[White "Desideri, Ricardo Maruchi"]
[Black "Mendonca, Mateus Nakajo"]
[Result "0-1"]
[WhiteElo "1954"]
[BlackElo "2390"]
[PlyCount "70"]
[EventDate "2014.12.12"]

1. e4 c5 2. Nf3 Nc6 3. d4 cxd4 4. Nxd4 Nf6 5. Nc3 e5 6. Ndb5 d6 7. Bg5 a6 8.
Bxf6 gxf6 9. Na3 b5 10. Nd5 Bg7 11. c3 O-O 12. Bd3 Ne7 13. Qh5 f5 14. Nxe7+
Qxe7 15. Nc2 f4 16. a4 bxa4 17. Rxa4 a5 18. Nb4 Qb7 19. Nd5 Bd7 20. Rc4 Qxb2
21. O-O Qb8 22. Rc7 Qd8 23. Rb1 Kh8 24. Rbb7 Bc8 25. Rb6 a4 26. Bc4 Be6 27.
Rcc6 Rb8 28. Qd1 Rxb6 29. Nxb6 Bxc4 30. Nxc4 Qa8 31. Qxd6 Re8 32. Qc5 a3 33.
Na5 a2 34. Qa3 Rd8 35. Qa4 Qxa5 0-1

[Event "II Aberto Prof Joao Braga"]
[Site "Clube de Xadrez Sao Paulo"]
[Date "2014.12.12"]
[Round "2.4"]
[White "Sztokbant, Bernardo Vainzoff"]
[Black "Ribeiro, Marcos Willian De So"]
[Result "0-1"]
[WhiteElo "2297"]
[BlackElo "1945"]
[PlyCount "138"]
[EventDate "2014.12.12"]

1. e4 c5 2. Nf3 d6 3. c3 Nf6 4. Be2 Nc6 5. d3 e5 6. O-O Be7 7. Nbd2 O-O 8. Re1
h6 9. Nf1 Be6 10. Ng3 d5 11. exd5 Nxd5 12. Bf1 Qc7 13. Nd2 f5 14. Nf3 Rae8 15.
Bd2 a6 16. a3 Kh7 17. b4 Bd6 18. Rb1 Nf6 19. Rc1 f4 20. Ne4 Nxe4 21. Rxe4 Bd5
22. Re1 cxb4 23. axb4 Qf7 24. Rb1 Kh8 25. c4 Bxf3 26. Qxf3 Nd4 27. Qe4 f3 28.
g3 Rd8 29. Bc3 Bb8 30. Kh1 Rfe8 31. Re3 Rf8 32. Bh3 Nc2 33. Kg1 Nxe3 34. Qxe3
Qh5 35. Bf1 Qf5 36. Ra1 Rd7 37. h4 Rfd8 38. Rd1 Rf8 39. Kh2 Re7 40. Bh3 Qh5 41.
Re1 e4 42. Qc5 Qxc5 43. bxc5 e3 44. c6 Rff7 45. Rxe3 Rxe3 46. fxe3 f2 47. Bf1
Rf3 48. Kg2 Rxg3+ 49. Kxf2 bxc6 50. d4 Rg4 51. h5 Rg5 52. Be2 a5 53. e4 a4 54.
c5 Rg3 55. Ba5 a3 56. Bc4 a2 57. Bxa2 Ra3 58. Be6 Rxa5 59. Bd7 Ra6 60. Bc8 Ra7
61. Ke3 Kg8 62. d5 cxd5 63. exd5 Re7+ 64. Kd4 Kf7 65. d6 Ra7 66. Kd5 Ra5 67.
Kc6 Ba7 68. d7 Ke7 69. Kb7 Bxc5 0-1

[Event "II Aberto Prof Joao Braga"]
[Site "Clube de Xadrez Sao Paulo"]
[Date "2014.12.12"]
[Round "2.5"]
[White "Andreeva, Elena"]
[Black "Tsuboi, Edson Kenji"]
[Result "0-1"]
[WhiteElo "1935"]
[BlackElo "2252"]
[PlyCount "96"]
[EventDate "2014.12.12"]

1. e4 c5 2. Nf3 Nc6 3. d4 cxd4 4. Nxd4 e6 5. Nxc6 bxc6 6. Bd3 Nf6 7. O-O d5 8.
e5 Nd7 9. Re1 Rb8 10. Nd2 Be7 11. Qg4 g6 12. Nf3 Rb4 13. Qg3 h5 14. c3 Rg4 15.
Qh3 Nc5 16. Bc2 Ne4 17. g3 c5 18. Be3 Bb7 19. Qf1 h4 20. Qb5+ Qd7 21. Qxd7+
Kxd7 22. h3 d4 23. hxg4 hxg3 24. fxg3 dxe3 25. Bxe4 Bxe4 26. Rxe3 Bd5 27. b3 c4
28. b4 Bg5 29. Nxg5 Rh1+ 30. Kf2 Rxa1 31. Re2 Rc1 32. Nxf7 Rxc3 33. Ng5 Ra3 34.
Nh7 Kc6 35. Nf6 c3 36. Ne4 Bxe4 37. Rxe4 Kd5 38. Re2 g5 39. Ke1 Kd4 40. Kd1 Ra4
41. Rf2 Rxb4 42. Rf7 Rb1+ 43. Kc2 Rb2+ 44. Kc1 Rxa2 45. Kb1 Rb2+ 46. Ka1 Rb5
47. Rxa7 c2 48. Rd7+ Kxe5 0-1